【自動車趣味玄人向け】サブネームから元の車種を当てろ - Statistics

General Stats
  • This quiz has been taken 12 times
  • The average score is 6 of 15
Answer Stats
サブネーム 答え % Correct
カリブ スプリンター
78%
セレス カローラ
78%
セディア ランサー
67%
ラテ ムーヴ
56%
SVX アルシオーネ
56%
ジオ マークX
56%
セレナ バネット
44%
グラシア カムリ
44%
エクシブ コロナ
33%
ルミナス ブーン
33%
ネロ ピアッツァ
11%
トライ サンバー
11%
プレスト ファミリア
11%
アスカ フローリアン
11%
ミラノ パルサー
11%
No matching quizzes found
Score Distribution
Percent of People with Each Score
Percentile by Number Answered
Your Score History
You have not taken this quiz